[Event "WLS-ch"]
[Site "Caerphilly"]
[Date "1994.04.??"]
[Round "?"]
[White "Adams, Mark A"]
[Black "Roberts, David L"]
[Result "1-0"]
[WhiteElo "2070"]
[BlackElo "1900"]
[PlyCount "47"]
[EventDate "1994.04.01"]
[EventType "swiss"]
[EventRounds "6"]
[EventCountry "WLS"]
[SourceTitle "BritBase"]
[Source "John Saunders"]
[SourceDate "2024.03.28"]
[SourceVersion "1"]
[SourceVersionDate "2024.03.28"]
[SourceQuality "1"]

1. c4 c5 2. Nc3 Nf6 3. g3 e6 4. Bg2 Be7 5. Nf3 O-O 6. O-O Nc6 7. d4 d5 8. cxd5
exd5 9. Bg5 cxd4 10. Nxd4 Be6 11. Rc1 Qd7 12. Nxe6 fxe6 13. Qb3 Rad8 14. Bh3
Nd4 15. Qd1 Nf5 16. Qd3 h6 17. Bf4 Ne8 18. Rfd1 Bd6 19. Bxd6 Qxd6 20. e4 Ne7
21. exd5 Kh8 22. Bxe6 Nc7 23. Qe2 Nxe6 24. dxe6 1-0

[Event "WLS-ch"]
[Site "Caerphilly"]
[Date "1994.04.??"]
[Round "?"]
[White "Adams, Mark A"]
[Black "Kelly, Paul J"]
[Result "0-1"]
[WhiteElo "2070"]
[BlackElo "1950"]
[PlyCount "100"]
[EventDate "1994.04.01"]
[EventType "swiss"]
[EventRounds "6"]
[EventCountry "WLS"]
[SourceTitle "BritBase"]
[Source "John Saunders"]
[SourceDate "2024.03.28"]
[SourceVersion "1"]
[SourceVersionDate "2024.03.28"]
[SourceQuality "1"]

1. e4 e6 2. d3 d5 3. Nd2 Nf6 4. e5 Nfd7 5. Ngf3 c5 6. c3 Nc6 7. d4 Qb6 8. Qb3
cxd4 9. Qxb6 Nxb6 10. cxd4 Nb4 11. Bb5+ Bd7 12. Bxd7+ Nxd7 13. O-O Be7 14. Nb3
Bd8 15. Bd2 Nc6 16. Rac1 a6 17. Rc2 Bb6 18. Rfc1 O-O 19. Bc3 a5 20. a3 a4 21.
Nbd2 Rfe8 22. Kf1 Nf8 23. g3 Ng6 24. Kg2 Nge7 25. g4 Rec8 26. h4 h5 27. g5 g6
28. Bb4 Nf5 29. Bc5 Ncxd4 30. Bxd4 Rxc2 31. Rxc2 Nxd4 32. Nxd4 Bxd4 33. Nf3 Bb6
34. Ne1 Kf8 35. Nd3 Ke8 36. Kf3 Kd7 37. Nc5+ Bxc5 38. Rxc5 b6 39. Rc2 Ra5 40.
Ke3 Rc5 41. Rd2 Rc1 42. Kf3 Kc6 43. Kg3 Kc5 44. Rd3 Rg1+ 45. Kh3 d4 46. Rf3 Rb1
47. Rxf7 d3 48. Rc7+ Kd4 49. Rd7+ Ke4 50. Kg3 Rxb2 0-1

[Event "WLS-ch"]
[Site "Caerphilly"]
[Date "1994.04.??"]
[Round "?"]
[White "Blakemore, Michael"]
[Black "Fish, Andrew"]
[Result "1/2-1/2"]
[WhiteElo "1755"]
[BlackElo "2070"]
[PlyCount "59"]
[EventDate "1994.04.01"]
[EventType "swiss"]
[EventRounds "6"]
[EventCountry "WLS"]
[SourceTitle "BritBase"]
[Source "John Saunders"]
[SourceDate "2024.03.28"]
[SourceVersion "1"]
[SourceVersionDate "2024.03.28"]
[SourceQuality "1"]

1. b3 d5 2. Bb2 Nf6 3. Nf3 Bg4 4. e3 Nbd7 5. Be2 c6 6. O-O Qc7 7. d4 e6 8. c4
Bd6 9. h3 h5 10. c5 Bxf3 11. Bxf3 Be7 12. Nc3 e5 13. Be2 g5 14. g3 e4 15. b4 g4
16. hxg4 h4 17. Kg2 h3+ 18. Kh2 Nh7 19. Nb1 Ng5 20. Nd2 Bf6 21. Rb1 Nf8 22. b5
Ng6 23. bxc6 bxc6 24. Bc3 Ke7 25. Qa4 Rhb8 26. Ba5 Qd7 27. Rb3 Rxb3 28. Qxb3
Kf8 29. Rb1 Bd8 30. Bxd8 1/2-1/2

[Event "WLS-ch"]
[Site "Caerphilly"]
[Date "1994.04.??"]
[Round "?"]
[White "Blakemore, Michael"]
[Black "Downey, Keith AB"]
[Result "1/2-1/2"]
[WhiteElo "1800"]
[BlackElo "1980"]
[PlyCount "50"]
[EventDate "1994.04.01"]
[EventType "swiss"]
[EventRounds "6"]
[EventCountry "WLS"]
[SourceTitle "BritBase"]
[Source "John Saunders"]
[SourceDate "2024.03.28"]
[SourceVersion "1"]
[SourceVersionDate "2024.03.28"]
[SourceQuality "1"]

1. b3 Nf6 2. Bb2 e6 3. Nf3 c5 4. e3 Be7 5. Be2 O-O 6. O-O b6 7. c4 Bb7 8. d3
Qc8 9. Nbd2 Nc6 10. a3 Rd8 11. Ra2 d5 12. Qa1 dxc4 13. bxc4 Ne8 14. Ne5 f6 15.
Nxc6 Bxc6 16. Nf3 Qb7 17. Rd1 e5 18. Bc3 e4 19. dxe4 Rxd1+ 20. Qxd1 Bxe4 21.
Rd2 Bc6 22. Ne1 Qc7 23. Bf3 Nd6 24. Bd5+ Bxd5 25. Rxd5 Rd8 1/2-1/2

[Event "WLS-ch"]
[Site "Caerphilly"]
[Date "1994.04.??"]
[Round "?"]
[White "Cooper, John Grantley"]
[Black "Richmond, Peter Allan"]
[Result "1-0"]
[WhiteElo "2375"]
[BlackElo "2225"]
[PlyCount "76"]
[EventDate "1994.04.01"]
[EventType "swiss"]
[EventRounds "6"]
[EventCountry "WLS"]
[SourceTitle "BritBase"]
[Source "John Saunders"]
[SourceDate "2024.03.28"]
[SourceVersion "1"]
[SourceVersionDate "2024.03.28"]
[SourceQuality "1"]

1. d4 d5 2. c4 c6 3. Nc3 Nf6 4. Nf3 e6 5. e3 a6 6. b3 Bb4 7. Bd2 Nbd7 8. Bd3
O-O 9. O-O Re8 10. Nxd5 Nxd5 11. cxd5 Bxd2 12. dxe6 Bb4 13. exd7 Bxd7 14. Ne5
Be6 15. Bc4 Bd6 16. Bxe6 Rxe6 17. Nf3 Bc7 18. Re1 Qd5 19. Rc1 Bd6 20. g3 Rae8
21. Nh4 Bb4 22. Rf1 Rf6 23. Ng2 Bd6 24. Qg4 Ree6 25. Rfe1 h5 26. Qe2 Re4 27.
Rcd1 Qf5 28. Rf1 Qh3 29. f3 Ree6 30. Qf2 h4 31. Nxh4 Rh6 32. f4 Ref6 33. Nf3
Rfg6 34. Ng5 Qg4 35. Qf3 Qd7 36. Qg2 Be7 37. Nf3 Qg4 38. Ne5 Qf5 1-0

[Event "WLS-ch"]
[Site "Caerphilly"]
[Date "1994.04.??"]
[Round "?"]
[White "Cooper, John Grantley"]
[Black "Morcom, Huw C"]
[Result "1/2-1/2"]
[WhiteElo "2370"]
[BlackElo "1995"]
[PlyCount "68"]
[EventDate "1994.04.01"]
[EventType "swiss"]
[EventRounds "6"]
[EventCountry "WLS"]
[SourceTitle "BritBase"]
[Source "John Saunders"]
[SourceDate "2024.03.28"]
[SourceVersion "1"]
[SourceVersionDate "2024.03.28"]
[SourceQuality "1"]

1. d4 g6 2. e4 Bg7 3. c4 c5 4. d5 d6 5. Bd3 Na6 6. Nc3 Nc7 7. Nge2 Nf6 8. O-O
O-O 9. h3 e6 10. a4 exd5 11. exd5 Nh5 12. Nf4 Nxf4 13. Bxf4 Ne8 14. Qd2 f5 15.
Rfe1 Bd7 16. Nb5 Bc8 17. a5 Bf6 18. Bh6 Bg7 19. Bg5 Bf6 20. h4 Bd7 21. Nc3 Bxg5
22. Qxg5 Qxg5 23. hxg5 Rf7 24. Reb1 Nc7 25. b4 Na6 26. bxc5 Nxc5 27. Bc2 Re8
28. Ba4 Bxa4 29. Nxa4 Nxa4 30. Rxa4 Rc7 31. Rab4 Ree7 32. f3 Kf8 33. Kf2 Ke8
34. Re1 Kd8 1/2-1/2

[Event "WLS-ch"]
[Site "Caerphilly"]
[Date "1994.04.??"]
[Round "?"]
[White "Cooper, John Grantley"]
[Black "Evans, David K"]
[Result "1-0"]
[WhiteElo "2380"]
[BlackElo "2035"]
[PlyCount "63"]
[EventDate "1994.04.01"]
[EventType "swiss"]
[EventRounds "6"]
[EventCountry "WLS"]
[SourceTitle "BritBase"]
[Source "John Saunders"]
[SourceDate "2024.03.28"]
[SourceVersion "1"]
[SourceVersionDate "2024.03.28"]
[SourceQuality "1"]

1. d4 Nf6 2. c4 d6 3. Nc3 Nbd7 4. e4 e5 5. Nf3 Be7 6. Be2 O-O 7. O-O c6 8. Re1
Qc7 9. h3 Re8 10. Be3 a6 11. Rc1 Bf8 12. Nd2 b6 13. d5 c5 14. a3 g6 15. b4 Bg7
16. Rb1 h6 17. Qa4 Bb7 18. Qc2 Re7 19. Na4 Rf8 20. Rb3 Nh7 21. Bd3 Bc8 22. Reb1
cxb4 23. axb4 b5 24. cxb5 Qxc2 25. Bxc2 axb5 26. Nc3 f5 27. f3 Ba6 28. Bd3 f4
29. Bf2 Ng5 30. Bxb5 Bxb5 31. Nxb5 Nf7 32. Nc4 1-0

[Event "WLS-ch"]
[Site "Caerphilly"]
[Date "1994.04.??"]
[Round "?"]
[White "Downey, Keith AB"]
[Black "Roberts, David L"]
[Result "1-0"]
[WhiteElo "1980"]
[BlackElo "1900"]
[PlyCount "57"]
[EventDate "1994.04.01"]
[EventType "swiss"]
[EventRounds "6"]
[EventCountry "WLS"]
[SourceTitle "BritBase"]
[Source "John Saunders"]
[SourceDate "2024.03.28"]
[SourceVersion "1"]
[SourceVersionDate "2024.03.28"]
[SourceQuality "1"]

1. d4 Nf6 2. c4 e6 3. Nf3 b6 4. a3 Bb7 5. Nc3 d5 6. Bg5 Be7 7. Bxf6 Bxf6 8.
cxd5 exd5 9. Qb3 O-O 10. Rd1 Re8 11. g3 c6 12. Bg2 Ba6 13. Rd2 Qc7 14. O-O Re7
15. Rc1 Qd8 16. Qa2 Qe8 17. Re1 Bb7 18. Rdd1 Na6 19. e4 dxe4 20. Ne5 Bxe5 21.
dxe5 Rxe5 22. Rxe4 Nc5 23. Rxe5 Qxe5 24. Qb1 Qc7 25. Qf5 Ne6 26. h4 g6 27. Qf6
Rd8 28. Re1 Ng7 29. Re7 1-0

[Event "WLS-ch"]
[Site "Caerphilly"]
[Date "1994.04.??"]
[Round "?"]
[White "Downey, Keith AB"]
[Black "Owen, N"]
[Result "1-0"]
[WhiteElo "1980"]
[BlackElo "1900"]
[PlyCount "81"]
[EventDate "1994.04.01"]
[EventType "swiss"]
[EventRounds "6"]
[EventCountry "WLS"]
[SourceTitle "BritBase"]
[Source "John Saunders"]
[SourceDate "2024.03.28"]
[SourceVersion "1"]
[SourceVersionDate "2024.03.28"]
[SourceQuality "1"]

1. c4 c5 2. Nf3 Nc6 3. g3 g6 4. Bg2 Bg7 5. Nc3 d6 6. d3 Bd7 7. Bd2 Qc8 8. h4 h5
9. Qc1 Nf6 10. Rb1 O-O 11. Bh6 Ng4 12. Bxg7 Kxg7 13. b3 f6 14. Qd2 Nh6 15. a3
Nd4 16. Nd5 Nc6 17. b4 e6 18. Nc3 Ne7 19. O-O Bc6 20. b5 Bd7 21. Rfd1 e5 22.
Ne4 Nf7 23. e3 f5 24. Neg5 Nxg5 25. Nxg5 Ng8 26. f4 Nf6 27. Qc3 Qc7 28. Re1
Rae8 29. a4 b6 30. Ra1 exf4 31. gxf4 Kg8 32. a5 Bc8 33. axb6 axb6 34. Ra2 Ng4
35. Bd5+ Be6 36. Nxe6 Rxe6 37. Bxe6+ Kh7 38. Qa1 Rb8 39. Bd5 Kh6 40. Ra7 Qd8
41. Qg7# 1-0

[Event "WLS-ch"]
[Site "Caerphilly"]
[Date "1994.04.??"]
[Round "?"]
[White "Downey, Keith AB"]
[Black "Gilbert, Jonathan A"]
[Result "1/2-1/2"]
[WhiteElo "1980"]
[BlackElo "2070"]
[PlyCount "29"]
[EventDate "1994.04.01"]
[EventType "swiss"]
[EventRounds "6"]
[EventCountry "WLS"]
[SourceTitle "BritBase"]
[Source "John Saunders"]
[SourceDate "2024.03.28"]
[SourceVersion "1"]
[SourceVersionDate "2024.03.28"]
[SourceQuality "1"]

1. d4 Nf6 2. c4 g6 3. Nf3 Bg7 4. g3 O-O 5. Bg2 d6 6. O-O Nbd7 7. Nc3 c5 8. e4
cxd4 9. Nxd4 Ne5 10. b3 Bd7 11. h3 Rc8 12. Be3 a6 13. Rc1 Nc6 14. Qd2 Kh8 15.
Rfd1 1/2-1/2

[Event "WLS-ch"]
[Site "Caerphilly"]
[Date "1994.04.??"]
[Round "?"]
[White "Dyce, Andrew N"]
[Black "Saunders, Walter Nigel R"]
[Result "1-0"]
[WhiteElo "1960"]
[BlackElo "2075"]
[PlyCount "93"]
[EventDate "1994.04.01"]
[EventType "swiss"]
[EventRounds "6"]
[EventCountry "WLS"]
[SourceTitle "BritBase"]
[Source "John Saunders"]
[SourceDate "2024.03.28"]
[SourceVersion "1"]
[SourceVersionDate "2024.03.28"]
[SourceQuality "1"]

1. e4 e6 2. d4 d5 3. Nc3 Nf6 4. Bg5 Be7 5. e5 Nfd7 6. h4 Bxg5 7. hxg5 Qxg5 8.
Nh3 Qe7 9. Qg4 f5 10. Qg3 Nf8 11. Nf4 g6 12. O-O-O c6 13. Be2 Nbd7 14. Rh6 b6
15. Rdh1 Bb7 16. Nxg6 hxg6 17. Rxh8 O-O-O 18. f4 Qb4 19. Qe3 a6 20. a3 Qa5 21.
Na2 c5 22. b4 cxb4 23. Nxb4 b5 24. Qc3+ Qc7 25. R1h3 Kb8 26. Qxc7+ Kxc7 27.
Rc3+ Kb6 28. Nd3 Rc8 29. Rxc8 Bxc8 30. Nc5 Kc7 31. Nxd7 Nxd7 32. Rg8 Nb8 33.
Rxg6 Nc6 34. c3 Na5 35. Kc2 Nc4 36. Bxc4 bxc4 37. g4 fxg4 38. Rxg4 Bd7 39. Rg7
Kd8 40. Rxd7+ Kxd7 41. Kd2 Ke7 42. Ke3 Kf7 43. f5 exf5 44. Kf4 Ke6 45. Kg5 a5
46. a4 f4 47. Kxf4 1-0

[Event "WLS-ch"]
[Site "Caerphilly"]
[Date "1994.04.??"]
[Round "?"]
[White "Dyce, Andrew N"]
[Black "Guy, David T"]
[Result "1/2-1/2"]
[WhiteElo "1960"]
[BlackElo "1845"]
[PlyCount "25"]
[EventDate "1994.04.01"]
[EventType "swiss"]
[EventRounds "6"]
[EventCountry "WLS"]
[SourceTitle "BritBase"]
[Source "John Saunders"]
[SourceDate "2024.03.28"]
[SourceVersion "1"]
[SourceVersionDate "2024.03.28"]
[SourceQuality "1"]

1. e4 c5 2. Nf3 d6 3. Bb5+ Bd7 4. Bxd7+ Qxd7 5. O-O Nc6 6. c3 g6 7. d4 cxd4 8.
cxd4 Bg7 9. Nc3 a6 10. Nd5 Rd8 11. Nb6 Qc7 12. Nd5 Qd7 13. Nb6 1/2-1/2

[Event "WLS-ch"]
[Site "Caerphilly"]
[Date "1994.04.??"]
[Round "?"]
[White "Evans, David K"]
[Black "Griffiths, B"]
[Result "1-0"]
[WhiteElo "2035"]
[BlackElo "1700"]
[PlyCount "85"]
[EventDate "1994.04.01"]
[EventType "swiss"]
[EventRounds "6"]
[EventCountry "WLS"]
[SourceTitle "BritBase"]
[Source "John Saunders"]
[SourceDate "2024.03.28"]
[SourceVersion "1"]
[SourceVersionDate "2024.03.28"]
[SourceQuality "1"]

1. e4 e6 2. d4 d5 3. Nc3 Bb4 4. a3 Bxc3+ 5. bxc3 Ne7 6. Qg4 O-O 7. e5 c5 8. Nf3
f5 9. exf6 Rxf6 10. Bg5 Rf7 11. Ne5 Qa5 12. Nxf7 Qxc3+ 13. Ke2 Qxc2+ 14. Bd2
Kxf7 15. Rc1 Qa4 16. Rxc5 Nbc6 17. Be3 Bd7 18. Kd2 Qxa3 19. Bd3 Nf5 20. Qf4
Qb4+ 21. Rc3 Qd6 22. Qg4 a6 23. Ra1 g6 24. Bxf5 exf5 25. Qh4 h5 26. h3 Qf6 27.
Qf4 Rc8 28. Rb3 Nd8 29. Ra5 Bb5 30. Ra1 Nc6 31. Rc1 Kg8 32. Rc5 Qe6 33. Qh6 Ne7
34. Rxc8+ Nxc8 35. Qg5 Ne7 36. Qf4 Bc6 37. Qb8+ Kf7 38. Bh6 Nc8 39. Re3 Qd7 40.
Qe5 Kg8 41. Qf6 Nd6 42. Qf8+ Kh7 43. Re7+ 1-0

[Event "WLS-ch"]
[Site "Caerphilly"]
[Date "1994.04.??"]
[Round "?"]
[White "Evans, David K"]
[Black "Dyce, Andrew N"]
[Result "1/2-1/2"]
[WhiteElo "2050"]
[BlackElo "1960"]
[PlyCount "55"]
[EventDate "1994.04.01"]
[EventType "swiss"]
[EventRounds "6"]
[EventCountry "WLS"]
[SourceTitle "BritBase"]
[Source "John Saunders"]
[SourceDate "2024.03.28"]
[SourceVersion "1"]
[SourceVersionDate "2024.03.28"]
[SourceQuality "1"]

1. e4 c5 2. Nc3 Nc6 3. f4 g6 4. Nf3 Bg7 5. Bc4 e6 6. f5 Nge7 7. fxe6 fxe6 8. d3
d5 9. Bb3 O-O 10. O-O Nd4 11. Nxd4 cxd4 12. Ne2 dxe4 13. dxe4 Rxf1+ 14. Qxf1
Qb6 15. Kh1 Bd7 16. Bg5 Rf8 17. Qd1 Nc6 18. c3 Bc8 19. cxd4 Nxd4 20. Be3 Rd8
21. Rc1 Kh8 22. Nxd4 e5 23. Bg5 Bf6 24. Bxf6+ Qxf6 25. Rc7 Bg4 26. Qe1 Rxd4 27.
Rf7 Qxf7 28. Bxf7 1/2-1/2

[Event "WLS-ch"]
[Site "Caerphilly"]
[Date "1994.04.??"]
[Round "?"]
[White "Fish, Andrew"]
[Black "Trevelyan, Clive"]
[Result "1/2-1/2"]
[WhiteElo "2070"]
[BlackElo "2045"]
[PlyCount "93"]
[EventDate "1994.04.01"]
[EventType "swiss"]
[EventRounds "6"]
[EventCountry "WLS"]
[SourceTitle "BritBase"]
[Source "John Saunders"]
[SourceDate "2024.03.28"]
[SourceVersion "1"]
[SourceVersionDate "2024.03.28"]
[SourceQuality "1"]

1. e4 g6 2. d4 Bg7 3. Nc3 d6 4. Nf3 a6 5. a4 b6 6. Bc4 e6 7. O-O Ne7 8. Re1 O-O
9. Bg5 h6 10. Bh4 Nd7 11. Qe2 Bb7 12. Rad1 c6 13. d5 cxd5 14. exd5 e5 15. Ne4
Nc5 16. Bf6 Nxe4 17. Bxg7 Kxg7 18. Qxe4 Nf5 19. Rd3 h5 20. h4 f6 21. b4 Nh6 22.
Qe3 Ng4 23. Qe2 Qc7 24. Bb3 a5 25. Qd2 axb4 26. Qxb4 Qc5 27. Qd2 Rac8 28. Re4
Ba6 29. c4 Qa5 30. Qxa5 bxa5 31. Rc3 Rc5 32. Re1 Rb8 33. Rec1 Bc8 34. Nd2 f5
35. Nf3 Bd7 36. Ng5 Rb4 37. f3 Nh6 38. Kf2 Kf6 39. Ra1 Nf7 40. f4 Nxg5 41.
hxg5+ Ke7 42. g3 e4 43. Ke3 Be8 44. Ra2 Bf7 45. Rd2 Kd7 46. Rd1 Kc7 47. Rd2
1/2-1/2

[Event "WLS-ch"]
[Site "Caerphilly"]
[Date "1994.04.??"]
[Round "?"]
[White "Fish, Andrew"]
[Black "Rizvi, Nasir"]
[Result "1-0"]
[WhiteElo "2070"]
[BlackElo "1985"]
[PlyCount "59"]
[EventDate "1994.04.01"]
[EventType "swiss"]
[EventRounds "6"]
[EventCountry "WLS"]
[SourceTitle "BritBase"]
[Source "John Saunders"]
[SourceDate "2024.03.28"]
[SourceVersion "1"]
[SourceVersionDate "2024.03.28"]
[SourceQuality "1"]

1. e4 g6 2. d4 d6 3. Be3 Bg7 4. Nc3 a6 5. Qd2 b5 6. Bd3 Nd7 7. Nce2 c5 8. c3
Bb7 9. Ng3 Qb6 10. N1e2 e6 11. O-O h5 12. Rad1 c4 13. Bb1 Qc7 14. Nf4 O-O-O 15.
a4 Ne7 16. axb5 axb5 17. Bc2 h4 18. Nh1 e5 19. Ne2 d5 20. f3 dxe4 21. fxe4 f5
22. exf5 Qc6 23. Nc1 b4 24. fxg6 bxc3 25. bxc3 exd4 26. Bxd4 Bh6 27. Qe2 Ne5
28. Rf2 N7xg6 29. Bf5+ Kb8 30. Bxe5+ 1-0

[Event "WLS-ch"]
[Site "Caerphilly"]
[Date "1994.04.??"]
[Round "?"]
[White "Gilbert, Jonathan A"]
[Black "Williams, Arthur Howard"]
[Result "0-1"]
[WhiteElo "2080"]
[BlackElo "2370"]
[PlyCount "84"]
[EventDate "1994.04.01"]
[EventType "swiss"]
[EventRounds "6"]
[EventCountry "WLS"]
[SourceTitle "BritBase"]
[Source "John Saunders"]
[SourceDate "2024.03.28"]
[SourceVersion "1"]
[SourceVersionDate "2024.03.28"]
[SourceQuality "1"]

1. d4 Nf6 2. c4 e6 3. Nc3 Bb4 4. e3 O-O 5. Bd3 d5 6. Nge2 dxc4 7. Bxc4 c5 8.
O-O cxd4 9. exd4 Nc6 10. Bg5 Be7 11. Qd2 b6 12. Rfd1 Bb7 13. Rac1 Rc8 14. Bd3
Na5 15. Qf4 Nh5 16. Bxe7 Nxf4 17. Bxd8 Nxd3 18. Rxd3 Rfxd8 19. Rdd1 Kf8 20. b3
Rd7 21. f3 Rcd8 22. Rd2 Nc6 23. Rcd1 Ba6 24. Kf2 Bxe2 25. Nxe2 Ke7 26. Ke3 Nb4
27. f4 Rc8 28. Rc1 Rdc7 29. Rxc7+ Rxc7 30. g4 f5 31. gxf5 exf5 32. d5 Kd6 33.
Nd4 Nxd5+ 34. Kf2 Rf7 35. Nf3 Rc7 36. Nd4 Rf7 37. Nf3 g6 38. Ne5 Rc7 39. Nc4+
Ke6 40. Re2+ Kf6 41. Nd6 Rc6 42. Nb5 Nxf4 0-1

[Event "WLS-ch"]
[Site "Caerphilly"]
[Date "1994.04.??"]
[Round "?"]
[White "Gilbert, Jonathan A"]
[Black "Guy, David T"]
[Result "1-0"]
[WhiteElo "2095"]
[BlackElo "1845"]
[PlyCount "63"]
[EventDate "1994.04.01"]
[EventType "swiss"]
[EventRounds "6"]
[EventCountry "WLS"]
[SourceTitle "BritBase"]
[Source "John Saunders"]
[SourceDate "2024.03.28"]
[SourceVersion "1"]
[SourceVersionDate "2024.03.28"]
[SourceQuality "1"]

1. d4 Nf6 2. c4 g6 3. Nc3 d5 4. cxd5 Nxd5 5. e4 Nxc3 6. bxc3 Bg7 7. Bc4 c5 8.
Ne2 cxd4 9. cxd4 O-O 10. O-O Nc6 11. Be3 Bg4 12. f3 Na5 13. Bd3 Bd7 14. Rc1 Rc8
15. Qd2 Nc6 16. f4 Bg4 17. d5 Bxe2 18. Bxe2 Nb8 19. Rxc8 Qxc8 20. Rc1 Qd7 21.
Qc2 b6 22. Qc7 Rd8 23. Qxd7 Nxd7 24. Rc7 e5 25. dxe6 fxe6 26. Bc4 Nc5 27. Bxc5
bxc5 28. Bxe6+ Kh8 29. e5 g5 30. Bd7 gxf4 31. e6 Bd4+ 32. Kf1 1-0

[Event "WLS-ch"]
[Site "Caerphilly"]
[Date "1994.04.??"]
[Round "?"]
[White "Gilbert, Jonathan A"]
[Black "Adams, Mark A"]
[Result "1/2-1/2"]
[WhiteElo "2070"]
[BlackElo "2060"]
[PlyCount "52"]
[EventDate "1994.04.01"]
[EventType "swiss"]
[EventRounds "6"]
[EventCountry "WLS"]
[SourceTitle "BritBase"]
[Source "John Saunders"]
[SourceDate "2024.03.28"]
[SourceVersion "1"]
[SourceVersionDate "2024.03.28"]
[SourceQuality "1"]

1. d4 d5 2. c4 e6 3. Nc3 Nf6 4. Bg5 Be7 5. cxd5 exd5 6. e3 Nbd7 7. Bd3 h6 8.
Bh4 c6 9. Qc2 O-O 10. Nge2 b6 11. O-O Bb7 12. Bg3 Re8 13. Rae1 a6 14. Qd2 Bb4
15. f3 c5 16. Bb1 Rc8 17. Kh1 Qe7 18. Bf2 Qf8 19. Ng3 Rcd8 20. Qc2 cxd4 21.
exd4 Rxe1 22. Rxe1 Re8 23. Be3 Re6 24. Nf5 Qe8 25. Qc1 Bf8 26. Rd1 b5 1/2-1/2

[Event "WLS-ch"]
[Site "Caerphilly"]
[Date "1994.04.??"]
[Round "?"]
[White "Griffiths, B"]
[Black "Rizvi, Nasir"]
[Result "0-1"]
[WhiteElo "1700"]
[BlackElo "1985"]
[PlyCount "106"]
[EventDate "1994.04.01"]
[EventType "swiss"]
[EventRounds "6"]
[EventCountry "WLS"]
[SourceTitle "BritBase"]
[Source "John Saunders"]
[SourceDate "2024.03.28"]
[SourceVersion "1"]
[SourceVersionDate "2024.03.28"]
[SourceQuality "1"]

1. e4 g6 2. d4 d6 3. Be2 Bg7 4. Be3 c6 5. c4 Qb6 6. Nf3 Qxb2 7. Nbd2 Qb6 8. O-O
Qc7 9. a4 Nf6 10. h3 Nbd7 11. Rb1 O-O 12. Nh2 e5 13. d5 c5 14. Ng4 Nxg4 15.
hxg4 Nf6 16. g3 Bd7 17. Kg2 Ne8 18. Rh1 f6 19. Bh6 Rf7 20. Bxg7 Rxg7 21. Rh6
Bc8 22. Nf1 Qe7 23. Qd2 Rb8 24. Nh2 b6 25. Rh1 Bd7 26. Bd1 a6 27. Bc2 b5 28.
Rb1 Nc7 29. Qa5 Qd8 30. axb5 axb5 31. cxb5 Nxb5 32. Qxd8+ Rxd8 33. Bd3 Rb8 34.
f4 Re7 35. Nf3 Rb7 36. g5 fxg5 37. fxe5 g4 38. Ng5 dxe5 39. Bc4 Kh8 40. d6 Nxd6
41. Rxb7 Nxb7 42. Rh1 Nd8 43. Rd1 h6 44. Rh1 Kg7 45. Rc1 hxg5 46. Bd5 Ne6 47.
Kf2 Rf7+ 48. Kg2 Kf8 49. Bxe6 Bxe6 50. Rxc5 Ke7 51. Rxe5 Kf6 52. Ra5 Rb7 53.
Rc5 Rb2+ 0-1

[Event "WLS-ch"]
[Site "Caerphilly"]
[Date "1994.04.??"]
[Round "?"]
[White "Griffiths, B"]
[Black "Owen, N"]
[Result "0-1"]
[WhiteElo "1700"]
[BlackElo "1800"]
[PlyCount "82"]
[EventDate "1994.04.01"]
[EventType "swiss"]
[EventRounds "6"]
[EventCountry "WLS"]
[SourceTitle "BritBase"]
[Source "John Saunders"]
[SourceDate "2024.03.28"]
[SourceVersion "1"]
[SourceVersionDate "2024.03.28"]
[SourceQuality "1"]

1. d4 Nf6 2. c4 c5 3. Nf3 cxd4 4. Nxd4 g6 5. Nc3 Bg7 6. e4 d6 7. Be2 Nbd7 8.
Be3 O-O 9. Qd2 a6 10. f3 Rb8 11. a4 Nc5 12. b4 Ne6 13. Nb3 Bd7 14. a5 Qc8 15.
Rc1 Nd8 16. Nd5 Nc6 17. b5 Qe8 18. bxc6 bxc6 19. Nb6 Be6 20. Nd4 c5 21. Nb3 Nd7
22. Nxd7 Qxd7 23. Bd1 Rb4 24. Qd3 Qc7 25. Bd2 Rb7 26. O-O Rfb8 27. Na1 f5 28.
Ba4 f4 29. Bc3 Bxc3 30. Rxc3 Rb4 31. Bc2 Qxa5 32. Nb3 Qc7 33. Ra1 Qc8 34. Na5
R8b6 35. Rb3 Kf7 36. Rab1 Qc7 37. Qc3 Rb8 38. Rxb4 cxb4 39. Qa1 Qc5+ 40. Kh1
Qf2 41. Bb3 Bh3 0-1

[Event "WLS-ch"]
[Site "Caerphilly"]
[Date "1994.04.??"]
[Round "?"]
[White "Guy, David T"]
[Black "Summers, Charles B"]
[Result "0-1"]
[WhiteElo "1845"]
[BlackElo "1930"]
[PlyCount "62"]
[EventDate "1994.04.01"]
[EventType "swiss"]
[EventRounds "6"]
[EventCountry "WLS"]
[SourceTitle "BritBase"]
[Source "John Saunders"]
[SourceDate "2024.03.28"]
[SourceVersion "1"]
[SourceVersionDate "2024.03.28"]
[SourceQuality "1"]

1. e4 c5 2. Nf3 Nc6 3. d4 cxd4 4. Nxd4 Nf6 5. Nc3 e5 6. Ndb5 d6 7. a4 h6 8. Be2
a6 9. Na3 Be6 10. O-O Rc8 11. Be3 Nb4 12. f4 exf4 13. Rxf4 Be7 14. Kh1 O-O 15.
Rf3 Ng4 16. Nd5 Nxe3 17. Nxe7+ Qxe7 18. Rxe3 Rc5 19. Rg3 Nc6 20. Qd2 Kh8 21. c4
Re5 22. Bd3 f5 23. exf5 Bxf5 24. Bxf5 Rexf5 25. h3 Qf6 26. Qc3 Nd4 27. Kh2 Rf2
28. Rd1 Ne2 29. Qxf6 R8xf6 30. Rf3 R6xf3 31. Re1 Nf4 0-1

[Event "WLS-ch"]
[Site "Caerphilly"]
[Date "1994.04.??"]
[Round "?"]
[White "Guy, David T"]
[Black "Jones, Andrew R"]
[Result "0-1"]
[WhiteElo "1845"]
[BlackElo "2295"]
[PlyCount "58"]
[EventDate "1994.04.01"]
[EventType "swiss"]
[EventRounds "6"]
[EventCountry "WLS"]
[SourceTitle "BritBase"]
[Source "John Saunders"]
[SourceDate "2024.03.28"]
[SourceVersion "1"]
[SourceVersionDate "2024.03.28"]
[SourceQuality "1"]

1. e4 c5 2. Nf3 Nc6 3. d4 cxd4 4. Nxd4 Nf6 5. Nc3 e5 6. Ndb5 d6 7. Bg5 a6 8.
Na3 b5 9. Nd5 Be7 10. Nxe7 Nxe7 11. Qd3 d5 12. Bxf6 gxf6 13. c3 dxe4 14. Qxe4
Bf5 15. Qh4 Qb6 16. Rd1 Rg8 17. h3 Rd8 18. Rxd8+ Kxd8 19. Qb4 Nd5 20. Qb3 Be4
21. Rg1 Kc8 22. g4 Rd8 23. Rg3 Nf4 24. Nc4 Qb7 25. Ne3 Bd3 26. Bxd3 Nxd3+ 27.
Kf1 Qh1+ 28. Rg1 Qxh3+ 29. Rg2 Nf4 0-1